A relatively real world : (Record no. 145497)

MARC details
000 -LEADER
fixed length control field 00538nam a22001817a 4500
010 ## - LCCN (DPL NO)
LC control number ENG-120860
020 ## - INTERNATIONAL STANDARD BOOK NUMBER
International Standard Book Number 8171021816
Terms of availability 650.00
035 ## - SYSTEM CONTROL NUMBER
System control number EN-104392
037 ## - SOURCE OF ACQUISITION
Source of stock number/acquisition DBAD/PUB
082 ## - DEWEY DECIMAL CLASSIFICATION NUMBER
Classification number 871.01
100 ## - MAIN ENTRY--PERSONAL NAME
Personal name Ray,Sutapa
245 ## - TITLE STATEMENT
Title A relatively real world :
Remainder of title putnam versus rorty /
Statement of responsibility, etc by Sutapa Ray
260 ## - PUBLICATION, DISTRIBUTION, ETC. (IMPRINT)
Place of publication, distribution, etc Kolkata
Name of publisher, distributor, etc Firma KLM
Date of publication, distribution, etc 2016
270 ## - ADDRESS
Address 275B,B.B.Ganguly Street
300 ## - PHYSICAL DESCRIPTION
Extent xxxxxxv,416p.
Other physical details ill.
Dimensions 22cm(H.b)
500 ## - GENERAL NOTE
General note Includes bibliographical references
942 ## - ADDED ENTRY ELEMENTS (KOHA)
Source of classification or shelving scheme Dewey Decimal Classification
Item type English Books
Classification part 871.01
Call number suffix RAY
Holdings
Withdrawn status Lost status Not for loan Collection code Home library Current library Date acquired Source of acquisition Cost, normal purchase price Full call number Barcode Copy number Cost, replacement price Koha item type
    Not For Loan Non-fiction D.B.Act.Division D.B.Act.Division 26/09/2017 DBAD/PUB 650.00 871.01 RAY EN-104392 1 650.00 English Books

© Delhi Public Library
Hit Counter
free hit counter